| 000 | 00624cam a2200217 4500 | ||
|---|---|---|---|
| 001 | 19031 | ||
| 005 | 20230410103905.0 | ||
| 008 | 060907n1996 ja eng | ||
| 020 | _a4770020821 | ||
| 035 | _9funglode19181 | ||
| 041 | _aeng | ||
| 050 | 1 | 4 |
_a417 DS 821 _bK44 1996 |
| 245 | 0 | 0 | _aKeys to the japanese heart and soul |
| 260 |
_aTokyo : _bKodansha International, _c1996 |
||
| 300 |
_a316 p. : _bill. ; _c19 cm. |
||
| 440 | 0 |
_aBilingual books; _v12 |
|
| 651 | 0 |
_aJapan _xCivilization. |
|
| 650 | 0 | _aNational characteristics, Japanese. | |
| 710 | 2 | _aKodansha Intanashonaru Kabushiki Kaisha. | |
| 942 |
_2lcc _cbk |
||
| 999 |
_c27854 _d27854 |
||